| 000 | 00431nam a2200133Ia 4500 | ||
|---|---|---|---|
| 008 | 181023s9999 xx 000 0 und d | ||
| 020 | _a9781498779562 | ||
| 100 | _aMello, David C. | ||
| 245 |
_cDavid C. Mello.-- _aInvitation to linear algebra / |
||
| 260 |
_aUSA : _bTaylor & Francis group _c2017 |
||
| 300 | _axiii, 394 pages. | ||
| 500 | _aIncludes bibliographic references and index. | ||
| 650 | _aAlgebras, Linear -- textbooks. | ||
| 999 |
_c359333 _d359333 |
||